| 000 | 00676nam a2200229Ia 4500 | ||
|---|---|---|---|
| 003 | OSt | ||
| 005 | 20220928112215.0 | ||
| 006 | a|||||r|||| 00| 0 | ||
| 007 | ta | ||
| 008 | 220927b |||||||| |||| 00| 0 eng d | ||
| 024 | _a57415 | ||
| 037 | _cTextual | ||
| 040 |
_aSDCL _cSDCL _beng |
||
| 041 |
_2eng _aeng |
||
| 082 | _aY73(Q7):6.43'N7, L8 | ||
| 100 |
_aPeacock James L _9426850 |
||
| 245 | 0 |
_aMuslim puritans _b Reformist psychology in Southeast Asian Islam. |
|
| 260 |
_aBerkeley _bUniversity of California Press _c1978 |
||
| 300 |
_aix,276p _ccm. |
||
| 942 |
_hY73(Q7):6.43'N7, L8 _cTEXL _2CC |
||
| 999 |
_c743756 _d743756 |
||